| 000 | 00528nam a2200181Ia 4500 | ||
|---|---|---|---|
| 005 | 20251020182610.0 | ||
| 008 | 200515s9999 xx 000 0 und d | ||
| 082 | _aSC/624.0012/S38/1985 | ||
| 110 | _aColegio de Arquitectos del PerĂº | ||
| 245 | 0 | _aSeminario sobre sistemas constructivos tradicionales: adobe y quincha | |
| 260 | _aLima | ||
| 260 | _c1985 | ||
| 300 | _as.n. | ||
| 520 | _aPonencias del Seminario relacionados a sistemas constructivos tradicionales | ||
| 650 | _aADOBE | ||
| 650 | _aQUINCHA | ||
| 942 | _cLIB | ||
| 999 |
_c3304 _d3304 |
||